PROSPETTIVE NEL MONDO. MARZO 1986. POLITICA CULTURA ECONOMIA. (Record no. 326287)

MARC details
000 -LEADER
fixed length control field 01850nas a2200277Ia 4500
001 - CONTROL NUMBER
control field R320-R7693
003 - CONTROL NUMBER IDENTIFIER
control field IT-CnALBA
008 - FIXED-LENGTH DATA ELEMENTS--GENERAL INFORMATION
fixed length control field 170116c99999999xx |||||||||||| ||und||
040 ## - CATALOGING SOURCE
Original cataloging agency IT-CnALBA
Transcribing agency IT-CnALBA
041 ## - LANGUAGE CODE
Language code of text/sound track or separate title ITALIANO
999 ## - SYSTEM CONTROL NUMBERS (KOHA)
Koha Dewey Subclass [OBSOLETE] NO
100 ## - MAIN ENTRY--PERSONAL NAME
Personal name POLETTI UGO, CARDINALE
210 ## - ABBREVIATED TITLE
Abbreviated title PROSPETTIVE NEL MONDO
222 ## - KEY TITLE
Key title PROSPETTIVE NEL MONDO
245 #0 - TITLE STATEMENT
Title PROSPETTIVE NEL MONDO. MARZO 1986. POLITICA CULTURA ECONOMIA.
250 ## - EDITION STATEMENT
Edition statement 1a ed.
260 ## - PUBLICATION, DISTRIBUTION, ETC. (IMPRINT)
Place of publication, distribution, etc. ROMA
Name of publisher, distributor, etc. PROSPETTIVE NEL MONDO ED.
Date of publication, distribution, etc. 1986 [1° Ed.:1986 - Ed.Ling.Originale: 1986]
300 ## - PHYSICAL DESCRIPTION
Extent 84 p.
310 ## - CURRENT PUBLICATION FREQUENCY
Current publication frequency MENSILE
362 ## - DATES OF PUBLICATION AND/OR SEQUENTIAL DESIGNATION
Dates of publication and/or sequential designation Fascicolo: 117 / Anno: 12 (1986)
500 ## - GENERAL NOTE
General note PERCHÈ LA DIFFAMAZIONE DELL'OPUS DEI. AZZARO G. FORMIGONI R. LO CASTRO G. LOIODICE A. IL PAPA E GLI EBREI, SPIZZI R. DISTRUTTORI AL CENTRO DI ROMA. CONSOLO G. AMNISTIA. ORFEI R. PROGETTO AMBIGUO. PUBBLICITA'DISCUTIBILE. PAPA GIOVANNI E L'ACCUSA DI DEICIDIO AGLI EBREI. ASSUNTO R. PAST FOOD, CIBO RAPIDO PER GLI UOMINI VUOTI. BAUSI L. MAPPA NAZIONALE PER LUOGHI E RITROVI DA PROTEGGERE. MONDIA B. VINO SOFISTICATO, MATERIASLISMO ED EDONISMO. ORA DI RELIGIONE, FRUTTO DEL DIALOGO FAMILIARE. IL DIAVOLO.
501 ## - WITH NOTE
With note Società San Paolo EM - Piazza San Paolo, 14 - 12051 ALBA (CN) (non commercial uses only) ® Copyright 2017
520 ## - SUMMARY, ETC.
Summary, etc. PERCHÈ LA DIFFAMAZIONE DELL'OPUS DEI. AZZARO G. FORMIGONI R. LO CASTRO G. LOIODICE A. IL PAPA E GLI EBREI, SPIZZI R. DISTRUTTORI AL CENTRO DI ROMA. CONSOLO G. AMNISTIA. ORFEI R. PROGETTO AMBIGUO. PUBBLICITA'DISCUTIBILE. PAPA GIOVANNI E L'ACCUSA DI DEICIDIO AGLI EBREI. ASSUNTO R. PAST FOOD, CIBO RAPIDO PER GLI UOMINI VUOTI. BAUSI L. MAPPA NAZIONALE PER LUOGHI E RITROVI DA PROTEGGERE. MONDIA B. VINO SOFISTICATO, MATERIASLISMO ED EDONISMO. ORA DI RELIGIONE, FRUTTO DEL DIALOGO FAMILIARE. IL DIAVOLO.
650 ## - SUBJECT ADDED ENTRY--TOPICAL TERM
Topical term or geographic name as entry element POLITICA
942 ## - ADDED ENTRY ELEMENTS (KOHA)
Koha item type RIVISTA
957 ## -
-- 1
999 ## - SYSTEM CONTROL NUMBERS (KOHA)
-- 1
Holdings
Withdrawn status Lost status Damaged status Not for loan Home library Current library Date acquired Total Checkouts Full call number Date last seen Price effective from Koha item type Public note
    Buone Condizioni Not For Loan ALBA - Biblioteca ALBA - Biblioteca 16/01/2017   R320-R7693 16/01/2017 16/01/2017 RIVISTA (data import: 16 gennaio 2017) - By Epidotti, Vaglietti.
CREDITS: SOCIETA' SAN PAOLO Via A.Severo, 58 - ROMA (RM) & PERIODICI SAN PAOLO SRL Via Giotto, 36 MILANO & CISF Via Giotto, 36 MILANO & EDIZIONI SAN PAOLO SRL,  Piazza Soncino, 5 CINISELLO BALSAMO (MI) -- ITALY